| 000 | 00769nam a2200181Ia 4500 | ||
|---|---|---|---|
| 008 | 090124s9999 xx 000 0 und d | ||
| 082 |
_b13524 _a279 |
||
| 100 | _aदेशपांडे ग.त्र्यं. (गणेश त्र्यंबक) | ||
| 245 | _a भारतीय साहित्यशास्त्र | ||
| 250 | _a2 | ||
| 260 | _c1963 | ||
| 300 | _a397 | ||
| 600 | _aदेशपांडे ग.त्र्यं. (गणेश त्र्यंबक) | ||
| 630 | _a भारतीय साहित्यशास्त्र | ||
| 700 | _aदेशपांडे ग.त्र्यं. (गणेश त्र्यंबक) | ||
| 730 | _a भारतीय साहित्यशास्त्र | ||
| 942 | _cBOOK | ||
| 999 |
_c127463 _d127463 |
||